| 000 | 02313nam0a2200373 4500 | ||
|---|---|---|---|
| 001 | RU\NLR\BIBL_A\012619141 | ||
| 005 | 20220120134442.0 | ||
| 021 |
_aRU _bКН-П-21-014686 _9КН-П-21-0785 |
||
| 035 | _a(NLR Aleph) 012619141 | ||
| 090 |
_a12633541 _c12633541 |
||
| 100 | _a20211013d2020 k y0rusy50 ca | ||
| 101 | 0 |
_arus _deng |
|
| 102 | _aRU | ||
| 105 | _ay|||z|||000zy | ||
| 181 | 0 |
_ai3 _baxxe |
|
| 182 | 0 | _an | |
| 200 | 1 |
_aСовременные проблемы гуманитарных и общественных наук _eсборник статей _fМинистерство науки и высшего образования РФ, ФГБОУ ВО "Воронежский государственный университет инженерных технологий", Региональное отделение Общероссийской общественной организации содействия повышению уровня и качества исторического образования "Объединение преподавателей истории в вузах России" по Воронежской области _gредакционная коллегия: проф. О.С. Корнеева, проф. Г.А. Быковская (отв. редакторы) [и др.] |
|
| 203 |
_aТекст _bвизуальный _cнепосредственный |
||
| 210 |
_aВоронеж _cНаучная книга _d2020 |
||
| 215 |
_a119, [1] с. _cтабл. _d21 |
||
| 225 | 1 |
_aСерия "Социально-политическое развитие российского общества" _vвып. 2 (29) _x2687-1289 |
|
| 300 | _aРез. англ. | ||
| 320 | _aБиблиогр. в конце ст. | ||
| 606 | 1 |
_aГуманитарные науки _jСборники _2nlr_sh2 _3RU\NLR\AUTH\661308230 |
|
| 686 | 1 | _aС.я43 | |
| 686 | 1 | _aЧ21я43 | |
| 702 | 1 |
_aКорнеева _bО. С. _gОльга Сергеевна _4340 |
|
| 712 | 0 | 2 |
_aВоронежский государственный университет инженерных технологий _3RU\NLR\AUTH\8810229627 _4475 |
| 942 | _cBOOK | ||
| 980 | _aNBR | ||
| 980 | _aNB | ||